| 000 | 00414nam a2200145Ia 4500 | ||
|---|---|---|---|
| 999 |
_c13121 _d13121 |
||
| 082 | _aTI.0032 | ||
| 100 | _aIslahi, Abdul Azim | ||
| 245 | 0 | _aEconomic views of Ibn Taimiyah | |
| 260 |
_c1980 _bAligarh Muslim University |
||
| 300 | _a279p. | ||
| 650 | _aTAIMIYAH, IBN - VIEWS ON ECONOMICS | ||
| 650 | _aECONOMICS///TAIMIYAH, IBN - VIEWS ON ECONOMICS | ||
| 710 | _aSiddiqi, Muhammad Nejatullah | ||
| 942 |
_cTH _2ddc |
||